An Efficient Implementation Model for the FP2 Parallel Language and a Proposition of a Non-interleaving Semantics

Bibliographic Details
Main Author: Belmesk, Zoubir (Author)
Format: Article
Language:Slovak
English
PhysicalDescription:Fotogr. 1, obr. 8, lit. 43 zázn. v angl.
ISSN:0232-0274
Subjects:

MARC

LEADER 00000nab a2200000 a 4500
001 vtls000518994
003 SK-MaSNL
005 20260304091152.0
008 250425c1994 xo 0 slo
015 |a SNBRB19rr/mm-uuuuu 
035 |a CL0519132 
035 |a urn:nbn:sk:snk-ab1qiq 
035 |a (urnnbn)urn:nbn:sk:snk:ar-004zv1 
035 |a (uuid)0c4bf40d-c205-4938-8281-e59609a60380 
040 |a SNKBUCL  |b slo  |c SNKBUCL  |e AACR2 
041 0 |a eng 
044 |a xo  |c SK 
080 |a 519.682:519.762:681.3.06  |2 1981 
080 |a 519.762  |2 1981 
080 |a 681.3.06  |2 1981 
100 1 |a Belmesk, Zoubir  |4 aut  |9 1383140 
245 1 0 |a An Efficient Implementation Model for the FP2 Parallel Language and a Proposition of a Non-interleaving Semantics  |c Zoubir Belmesk0 
300 |b Fotogr. 1, obr. 8, lit. 43 zázn. v angl. 
650 0 7 |a jazyky programovacie paralelné  |2 snkbucl  |9 1154739 
650 0 7 |a Petriho siete  |2 snkbucl  |9 67953 
655 7 |a články z novín a časopisov  |2 snkbucl  |9 267496 
773 0 |t Computers and artificial intelligence  |g Roč. 13, č. 1 (1994), s. 45-71  |x 0232-0274 
850 |a Slovenská národná knižnica 
852 |a Slovenská národná knižnica 
958 |a article27 
958 |a NB 
958 |a RK 
958 |a OND 
958 |a EUIPO 
992 |a RBX 
999 |c 2814413  |d 2816343